000
00211 a2200097 4500
001
46679
100
_a
Roskill C
245
_a
the strategy of sea power
260
_a
London
_b
Collins
_c
090
_c
29778
_d
29778
942
_a
NUST-CAE
_c
M
_c
21977
999
_c
281752
_d
281752